|
|
|
|
| LEADER |
01470nam a22002897a 4500 |
| 001 |
41984 |
| 003 |
BD-DhAAL |
| 005 |
20250820140735.0 |
| 008 |
231213t2020 bg a|||| |||| 00| 0 eng d |
| 020 |
|
|
|a 9789849075295
|
| 040 |
|
|
|a BD-DhAAL
|c BD-DhAAL
|
| 082 |
|
|
|a 305.42095492
|2 23
|
| 245 |
|
|
|a Celebrating the life and legacy of Sir Fazle Hasan Abed KCMG.
|f 1936-2019 /
|c edited by Shajedur Rahman... [et al.].
|
| 260 |
|
|
|a Dhaka :
|b BRAC,
|b BRAC Centre ;
|c 2020.
|
| 300 |
|
|
|a 140 pages :
|b illustrations ;
|c 26 cm.
|
| 526 |
|
|
|a AAL
|
| 541 |
|
|
|a BRAC
|e 41985
|
| 600 |
|
|
|a Abed, Fazle Hasan.
|
| 650 |
|
|
|a Social service, rural
|z Bangladesh.
|
| 700 |
|
|
|a Kabir, Moutushi.
|9 55829
|
| 700 |
|
|
|a Kabir, Ekramul.
|9 55811
|
| 700 |
|
|
|a Choudhury, Sameeha Suraiya.
|9 55830
|
| 700 |
|
|
|a Rahman, Shajedur.
|9 55810
|
| 942 |
|
|
|2 ddc
|c BK
|
| 999 |
|
|
|c 46251
|d 46251
|
| 952 |
|
|
|0 0
|1 0
|2 ddc
|3 Need to change call number
|4 0
|6 305_420954920000000_CLE
|7 1
|9 74868
|a BRACUL
|b BRACUL
|c BRS
|d 2023-12-13
|e Complimentary copy from BRAC Publication
|l 0
|o 305.42095492 CLE
|p 3010041984
|r 2023-12-13
|t 1
|w 2023-12-13
|y BK
|x Complimentary copy from BRAC Publication; Price not available in register.
|
| 952 |
|
|
|0 0
|1 0
|2 ddc
|3 Need to change call number
|4 0
|6 305_420954920000000_CLE
|7 1
|9 74869
|a BRACUL
|b BRACUL
|c BRS
|d 2023-12-13
|e Complimentary copy from BRAC Publication
|l 1
|o 305.42095492 CLE
|p 3010041985
|r 2025-01-05
|s 2024-12-31
|t 1
|w 2023-12-13
|y BK
|x Complimentary copy from BRAC Publication; price not available in register.
|